Statistics for Vocabulary Click Quiz - 2

Click here to take the quiz!

General Stats

  • This quiz has been taken 174 times
  • The average score is 12 of 20

Answer Stats

HintAnswer% Correct
Maker or seller of candlesChandler
81%
Fixed regular sum paid to a clergymanStipend
77%
Lowest pointNadir
76%
Perplex or bewilderFlummox
75%
Large container in which drink is heldFlagon
70%
Defensive structureBulwark
69%
Goods thrown overboard from a shipJetsam
69%
Typical example of somethingParadigm
64%
Smooth transition from one topic to anotherSegue
63%
Conspicuously badEgregious
62%
Cushion for kneeling on in churchHassock
60%
Mixture of seemingly unrelated thingsMelange
60%
Appearance of being true or real
Verisimilitude
60%
Likely to make unpredictable changes of moodCapricious
58%
Speak or write in a noncommittal mannerEquivocate
53%
Food or provisionsProvender
53%
Accumulation of loose stones or rocky debrisScree
53%
Foolishly impractical or unrealisticQuixotic
48%
Hard and woody fruitXylocarp
37%
Person's area of skill, knowledge or authorityBailliwick
34%

Score Distribution

Percentile by Number Answered

Percent of People with Each Score

Your Score History

You have not taken this quiz